00628cam a2200205M 450000500170000000800410001702000180005802000150007603500210009104000500011204100130016210000230017524500990019826000380029730000180033565000150035365000180036865000210038665000150040720150527065402.0150527s2008 sp fr 000 0 spa d a9788479536640 a8479536640 a(OCoLC)433524059 aCO-BoUCMbspacJose A. GerenadJose A. Gerena1 aspaheng1 aLyubomirsky, Sonja13aLa ciencia de la felicidadbun método probado para conseguir el bienestarcSonja Lyubomirsky aBarcelona (España)bUranoc2008 a408 páginas 7aFelicidad  7aPsicología  7aCalidad de vida  7aOptimismo